| 000 | 00814nam a2200253 a 4500 | ||
|---|---|---|---|
| 005 | 20210223121307.0 | ||
| 008 | 991125s1985 bar 000 0 spa u | ||
| 020 | _a8425410266 | ||
| 035 | _aUPN01000015196 | ||
| 049 | _aC | ||
| 050 | 4 |
_aBF31 D6.38 _b1985 |
|
| 100 | 1 | _aDorsch, Friedrich | |
| 245 | 1 | 0 |
_aDiccionario de psicología / _cFriedrich Dorsch ; con la colab. de C. Becker-Carus... [et. al.] ; tr. Diorki |
| 260 |
_aBarcelona (Esp.) : _bHerder, _c1985 |
||
| 300 | _ax,1030 p. | ||
| 505 | _aContiene: cuadro de colaboradores | ||
| 520 | _a"Con dos apéndices de tests y bibliográficos" | ||
| 650 | 4 |
_aPSICOLOGIA - _vDICCIONARIOS _915045 |
|
| 700 | 2 |
_aBe _dcker-Carus, _ecolab. |
|
| 902 | _aMEM MARIA ELENA MARTINEZ | ||
| 902 | _aULISES MORALES MARTINEZ | ||
| 904 |
_aAC _b015197 |
||
| 905 | _aLibro | ||
| 999 |
_c15196 _d15196 |
||